[Event "London Classic Open 2019"]
[Site "London ENG"]
[Date "2019.11.30"]
[Round "3.26"]
[White "Vaishali, R"]
[Black "Eche, Sylvain"]
[Result "1-0"]
[WhiteTitle "WGM"]
[WhiteElo "2376"]
[BlackElo "2054"]
[WhiteFideId "5091756"]
[BlackFideId "627194"]
[EventDate "2019.11.29"]

1. e4 c5 2. d4 cxd4 3. c3 Nf6 4. e5 Nd5 5. Nf3 Nc6 6. cxd4 d6 7. Bc4 Nb6 8. Bb3
Bf5 9. e6 fxe6 10. O-O Qd7 11. Re1 d5 12. Nc3 g6 13. Bf4 Bg7 14. Ne5 Nxe5 15.
Bxe5 Bxe5 16. Rxe5 h5 17. Na4 Nxa4 18. Bxa4 b5 19. Bb3 Kf7 20. Qf3 Kg7 21. Rae1
Rae8 22. h4 a5 23. Qg3 a4 24. Bd1 Ref8 25. Be2 Rf6 26. Qc3 Rc8 27. Qb4 Rc2 28.
Bxb5 Qb7 29. a3 Rf7 30. R5e2 Qc7 31. Rxc2 Bxc2 32. Qd2 Qb6 33. Qxc2 Qxb5 34.
Rxe6 Rf6 35. Rxe7+ Rf7 36. Re6 Kf8 37. Qxg6 Rxf2 38. Qh6+ Kg8 39. Rg6+ Kf7 40.
Rg7+ 1-0

[Event "London Classic Open 2019"]
[Site "London ENG"]
[Date "2019.11.30"]
[Round "3.27"]
[White "Wu, Li"]
[Black "Walker, Samuel A"]
[Result "1-0"]
[WhiteElo "2293"]
[BlackElo "2039"]
[WhiteFideId "411086"]
[BlackFideId "412813"]
[EventDate "2019.11.29"]

1. d4 Nf6 2. c4 c5 3. d5 b5 4. cxb5 a6 5. bxa6 g6 6. Nc3 Bxa6 7. e4 Bxf1 8. Kxf1
d6 9. g3 Bg7 10. Kg2 O-O 11. Nf3 Qa5 12. Qe2 Nbd7 13. Bd2 Rfb8 14. Rhb1 Ne8 15.
Nd1 Qa6 16. Qxa6 Rxa6 17. Bc3 Ndf6 18. Nd2 Rba8 19. a3 Nc7 20. Ne3 Nb5 21. Nec4
Nd7 22. Bxg7 Kxg7 23. Rc1 Nd4 24. Rc3 Rb8 25. f3 Ra4 26. Kf2 f6 27. b3 Ra7 28.
a4 Rb4 29. Ne3 f5 30. exf5 gxf5 31. Rc4 Rxc4 32. Nexc4 Nf6 33. Ne3 Kg6 34. a5
Nd7 35. Ra4 Ne5 36. Nec4 Nd3+ 37. Ke3 Ne1 38. Nb6 Kf6 39. a6 Nb5 40. Nc8 Ra8 41.
Nb6 Ra7 42. Nc8 Ra8 43. a7 Nc2+ 44. Kd3 Nb4+ 45. Kc4 Nxd5 46. Kxb5 Rxc8 47. Ka6
Rc6+ 48. Kb7 Rb6+ 49. Kc8 Rc6+ 50. Kd7 Rc7+ 51. Kd8 Ke6 52. Nc4 Rd7+ 53. Kc8
Rc7+ 54. Kb8 Kd7 55. a8=Q Rc8+ 56. Kb7 Rc7+ 57. Ka6 Nb4+ 58. Kb5 1-0

[Event "London Classic Open 2019"]
[Site "London ENG"]
[Date "2019.11.30"]
[Round "3.29"]
[White "Wilks, Simon"]
[Black "McClement, Andrew"]
[Result "1/2-1/2"]
[WhiteElo "2071"]
[BlackElo "2226"]
[WhiteFideId "427357"]
[BlackFideId "2400480"]
[EventDate "2019.11.29"]

1. e4 c5 2. Nf3 d6 3. Bb5+ Bd7 4. Bxd7+ Qxd7 5. c4 Nf6 6. Nc3 g6 7. d4 cxd4 8.
Nxd4 Bg7 9. f3 O-O 10. Be3 Rc8 11. b3 a6 12. Rc1 Nc6 13. Nxc6 Rxc6 14. a4 Qd8
15. Qd2 Nd7 16. O-O Nc5 17. Rb1 Ne6 18. Nd5 Rb8 19. a5 Nc5 20. Rfc1 e6 21. Nb6
Nd7 22. Na4 Qe7 23. Rd1 Rbc8 24. Nb6 Nxb6 25. Bxb6 Qf6 26. Qe3 Qe5 27. Rd3 Bf8
28. Rbd1 Qh5 29. Qd2 Qh4 30. g3 Qh3 31. Qe2 Qh5 32. R1d2 Qe5 33. f4 Qa1+ 34. Rd1
Qa3 35. Qf3 Qb2 36. f5 exf5 37. exf5 Re8 38. fxg6 hxg6 39. Rf1 Re7 40. Bd4 Qe2
41. Qf6 Qh5 42. Qf4 Bh6 43. Qf6 Bf8 44. Qf4 Bh6 45. Qf6 Bf8 1/2-1/2

[Event "London Classic Open 2019"]
[Site "London ENG"]
[Date "2019.11.30"]
[Round "3.33"]
[White "Burke, John S"]
[Black "Manfay, Mate"]
[Result "1/2-1/2"]
[WhiteElo "1966"]
[BlackElo "2197"]
[WhiteFideId "404322"]
[BlackFideId "730998"]
[EventDate "2019.11.29"]

1. d4 Nf6 2. Bf4 c5 3. dxc5 Na6 4. Nc3 Nxc5 5. f3 d6 6. Qd2 g6 7. e4 Bd7 8.
O-O-O Ne6 9. Bh6 Bxh6 10. Qxh6 Qa5 11. h4 Rc8 12. Nge2 b5 13. Kb1 Nc7 14. Nf4 b4
15. Ncd5 Ncxd5 16. Nxd5 Nxd5 17. exd5 Bf5 18. Bd3 Qxd5 19. Be4 Qc4 20. Bxf5 gxf5
21. Rhe1 Rc6 22. Rxd6 Qxc2+ 23. Ka1 Rxd6 24. Qxd6 O-O 25. Qg3+ Kh8 26. Qe5+ Kg8
27. Qg3+ Kh8 1/2-1/2

[Event "London Classic Open 2019"]
[Site "London ENG"]
[Date "2019.11.30"]
[Round "3.34"]
[White "Hill, Alistair"]
[Black "Ditmas, Hugh"]
[Result "1-0"]
[WhiteElo "2193"]
[BlackElo "1961"]
[WhiteFideId "432407"]
[BlackFideId "1270666"]
[EventDate "2019.11.29"]

1. e4 c5 2. Nf3 Nc6 3. Bb5 e6 4. O-O Nge7 5. Re1 a6 6. Bf1 Ng6 7. d4 cxd4 8.
Nxd4 Be7 9. Be3 O-O 10. c4 Qc7 11. Nc3 d6 12. Rc1 Nxd4 13. Qxd4 Bd7 14. Red1 Bc6
15. a4 Rac8 16. b4 Bf6 17. Qxd6 Qxd6 18. Rxd6 Be7 19. c5 Bxd6 20. cxd6 Bd7 21.
a5 Ne5 22. f4 Nc4 23. Bc5 Nd2 24. Rc2 Nxf1 25. Kxf1 f5 26. Ke2 g6 27. Ke3 Kf7
28. Re2 Rg8 29. g3 h5 30. h4 Bc6 31. Kd4 Kf6 32. e5+ Kf7 33. Bb6 Ke8 34. Rc2 Kd7
35. Rd2 Rge8 36. Bc7 Rg8 37. Kc5 Rge8 38. Kb6 Rg8 39. Ne2 Rg7 40. Nc1 Rxc7 41.
dxc7+ Bd5 42. Rxd5+ exd5 43. Kxb7 Rg8 44. e6+ Kxe6 45. c8=Q+ Rxc8 46. Kxc8 d4
47. Kb7 Kd5 48. Kxa6 1-0

[Event "London Classic Open 2019"]
[Site "London ENG"]
[Date "2019.11.30"]
[Round "3.37"]
[White "Johnson, Daniel"]
[Black "Mata, Adilson"]
[Result "1/2-1/2"]
[WhiteElo "2186"]
[BlackElo "1928"]
[WhiteFideId "1721283"]
[BlackFideId "1901389"]
[EventDate "2019.11.29"]

1. d4 Nf6 2. c4 e6 3. Nc3 Bb4 4. Qc2 O-O 5. Nf3 d5 6. cxd5 exd5 7. Bg5 h6 8. Bh4
c5 9. dxc5 g5 10. Bg3 Ne4 11. e3 Qa5 12. Rc1 Qxa2 13. Bd3 Bxc3+ 14. bxc3 Qxc2
15. Bxc2 Nxg3 16. hxg3 Kg7 17. Rd1 Be6 18. e4 dxe4 19. Bxe4 Re8 20. O-O Nc6 21.
Bxc6 bxc6 22. Rd6 a5 23. Ra1 a4 24. Ra3 Bb3 25. Nd4 Re1+ 26. Kh2 Be6 27. Rxc6 g4
28. Rb6 Bd7 29. c6 Ra5 30. Rb5 Rxb5 31. Nxb5 Bxc6 32. Nd4 Bd7 33. Ra2 Rc1 34.
Ne2 Rd1 35. Nf4 Bb5 36. c4 Bc6 37. Nd5 Bxd5 1/2-1/2

[Event "London Classic Open 2019"]
[Site "London ENG"]
[Date "2019.11.30"]
[Round "3.38"]
[White "Nelson, Omowale"]
[Black "Abrahams, Daniel"]
[Result "0-1"]
[WhiteElo "1924"]
[BlackElo "2185"]
[WhiteFideId "7400209"]
[BlackFideId "2606879"]
[EventDate "2019.11.29"]

1. d4 Nf6 2. c4 e6 3. g3 Bb4+ 4. Nd2 O-O 5. Nf3 c5 6. Bg2 cxd4 7. Nxd4 Nc6 8.
Nxc6 bxc6 9. a3 Be7 10. O-O d5 11. Qc2 a5 12. Rd1 Ba6 13. e4 Qb6 14. exd5 cxd5
15. cxd5 exd5 16. Qb3 Qa7 17. Nf1 Bc5 18. Qf3 Rfe8 19. Qf5 Rab8 20. b4 Bd4 21.
Be3 Bxe3 22. Nxe3 Be2 23. Re1 Bc4 24. Nxd5 Bxd5 25. Bxd5 axb4 26. axb4 Qd4 27.
Rxe8+ Rxe8 28. Ra8 Rxa8 29. Bxa8 Qa1+ 30. Kg2 Qxa8+ 31. f3 Qb7 32. Qc5 h6 33. h4
Qd5 34. Qc8+ Kh7 35. Qc2+ g6 36. Qc3 Nd7 37. Kf2 h5 38. Kg2 Ne5 39. Kf2 Nc4 40.
Qf6 Qd2+ 41. Kg1 Qe1+ 42. Kh2 Ne5 0-1

[Event "London Classic Open 2019"]
[Site "London ENG"]
[Date "2019.11.30"]
[Round "3.39"]
[White "Dias, Savin"]
[Black "Ogunshola, Ben"]
[Result "0-1"]
[WhiteElo "1916"]
[BlackElo "2169"]
[WhiteFideId "442399"]
[BlackFideId "8500231"]
[EventDate "2019.11.29"]

1. e4 c6 2. d4 d5 3. Nc3 dxe4 4. Nxe4 Bf5 5. Ng3 Bg6 6. Nf3 Nd7 7. h4 h6 8. h5
Bh7 9. Bd3 Bxd3 10. Qxd3 Qc7 11. Bd2 Ngf6 12. O-O-O e6 13. Kb1 O-O-O 14. Ne4 Nc5
15. Nxc5 Bxc5 16. Qc4 Bd6 17. Qa4 Kb8 18. Be3 Bf4 19. Bxf4 Qxf4 20. Ne5 Ne4 21.
Rh3 Qxe5 22. Ra3 a6 23. Rb3 Nd2+ 0-1

[Event "London Classic Open 2019"]
[Site "London ENG"]
[Date "2019.11.30"]
[Round "3.40"]
[White "Osborne, Marcus E"]
[Black "Finn, Peter"]
[Result "1/2-1/2"]
[WhiteElo "2166"]
[BlackElo "1895"]
[WhiteFideId "404608"]
[BlackFideId "432156"]
[EventDate "2019.11.29"]

1. c4 e5 2. Nc3 Nf6 3. Nf3 Nc6 4. e3 d6 5. d4 exd4 6. exd4 Bg4 7. Be2 Be7 8. h3
Bh5 9. d5 Bxf3 10. Bxf3 Ne5 11. Be2 a5 12. Nb5 c6 13. dxc6 bxc6 14. Nd4 O-O 15.
Nf5 Qd7 16. Nxe7+ Qxe7 17. O-O Rfd8 18. Qd4 d5 19. c5 Ng6 20. Be3 Nf8 21. Rfe1
Ne6 22. Qe5 d4 23. Bg5 Rd5 24. Bxf6 Qxf6 25. Qxf6 gxf6 26. Bc4 Rxc5 27. Rac1 Rd8
28. Rxe6 d3 29. Re4 f5 30. Rf4 d2 31. Rd1 Re5 32. Bb3 c5 33. Rf3 c4 34. Ba4 Rd4
35. Re3 Red5 36. Rc3 Re5 37. Re3 Red5 38. Bc2 a4 39. Re8+ Kg7 40. Ra8 Rb5 41.
Rxa4 Rxb2 42. Bxf5 Rd5 43. Rxc4 Rxf5 44. Rd4 Ra5 45. a4 Ra2 46. R1xd2 Rxd2 47.
Rxd2 Rxa4 48. Rd5 h6 49. g4 Ra3 50. Kg2 Kg6 51. Rf5 Rb3 52. Rf3 Rb1 53. Kg3 Rg1+
54. Kh4 Ra1 55. Rf5 Ra3 56. f3 Rb3 57. Kg3 Rb4 58. Re5 Ra4 59. Re3 Ra1 60. f4
Rb1 61. Kh4 Rb5 62. Ra3 Rb6 63. f5+ Kg7 64. Kh5 Rc6 65. h4 Rb6 66. Ra7 Kg8 67.
Ra8+ Kg7 68. Ra7 Kg8 69. Ra8+ Kg7 70. Re8 Ra6 71. g5 hxg5 72. hxg5 Ra1 73. f6+
Kh7 74. Rf8 Rh1+ 75. Kg4 Rg1+ 76. Kf4 Rf1+ 77. Ke4 Re1+ 78. Kd5 Kg6 79. Rg8+ Kf5
80. Rg7 Rd1+ 81. Kc6 Rd2 82. Kc7 Rd1 83. Rxf7 Kxg5 84. Rf8 Kg6 85. Kc6 Rd2 86.
Kc5 Rd1 1/2-1/2

[Event "London Classic Open 2019"]
[Site "London ENG"]
[Date "2019.11.30"]
[Round "3.41"]
[White "Patel, Rishi"]
[Black "Pasztor, Balazs"]
[Result "1/2-1/2"]
[WhiteElo "1891"]
[BlackElo "2166"]
[WhiteFideId "442801"]
[BlackFideId "774723"]
[EventDate "2019.11.29"]

1. e4 e5 2. Nf3 Nc6 3. Bc4 Bc5 4. O-O Nf6 5. d3 d6 6. Be3 Bb6 7. h3 h6 8. Nbd2
Ne7 9. Bb3 c6 10. Bxb6 axb6 11. c3 Ng6 12. d4 b5 13. Re1 O-O 14. Nf1 Qe7 15. Ng3
Nf4 16. Qd2 g6 17. Rad1 Be6 18. dxe5 dxe5 19. Qd6 Qxd6 20. Rxd6 Ne8 21. Rd2 Bxb3
22. axb3 f6 23. Red1 Rf7 24. Ne2 Ne6 25. b4 Re7 26. Nh4 Kf7 27. Rd7 Nf8 28. R7d2
Ne6 29. Rd7 Nf8 30. R7d2 1/2-1/2

[Event "London Classic Open 2019"]
[Site "London ENG"]
[Date "2019.11.30"]
[Round "3.42"]
[White "Davis, Holden"]
[Black "Villiers, Thomas"]
[Result "1/2-1/2"]
[BlackTitle "CM"]
[WhiteElo "1840"]
[BlackElo "2145"]
[WhiteFideId "440019"]
[BlackFideId "427209"]
[EventDate "2019.11.29"]

1. e4 c5 2. d4 cxd4 3. c3 d3 4. Bxd3 d6 5. c4 g6 6. h3 Bg7 7. Nf3 Nf6 8. Nc3 O-O
9. Be3 Nbd7 10. Qe2 b6 11. Rc1 Bb7 12. Bb1 Rc8 13. Nd2 Qc7 14. O-O Qb8 15. b3
Qa8 16. f3 Rfe8 17. Rfd1 e6 18. Nf1 d5 19. cxd5 exd5 20. Nxd5 Nxd5 21. Rxc8 Rxc8
22. exd5 Bxd5 23. Qd2 Bc6 24. Ng3 Nc5 25. Bh6 Be5 26. Nf5 Re8 27. Bf4 Qb8 28.
Nh6+ Kf8 29. Bxe5 Qxe5 30. Ng4 Qe6 31. Qh6+ Kg8 32. Qg5 Nd7 33. Bf5 Qe2 34. Rd2
Qe1+ 35. Kh2 f6 36. Rxd7 fxg5 37. Nf6+ Kf8 38. Nxh7+ Kg8 39. Nf6+ Kf8 40. Nh7+ 1/2-1/2

[Event "London Classic Open 2019"]
[Site "London ENG"]
[Date "2019.11.30"]
[Round "3.43"]
[White "Stanisz, Patryk"]
[Black "Lohia, Sohum"]
[Result "1/2-1/2"]
[WhiteElo "2139"]
[BlackElo "1889"]
[WhiteFideId "1123106"]
[BlackFideId "5819369"]
[EventDate "2019.11.29"]

1. d4 Nf6 2. c4 b6 3. Nc3 Bb7 4. Nf3 Ne4 5. Nxe4 Bxe4 6. Nd2 Bb7 7. e4 g6 8. Bd3
Bg7 9. Nf3 O-O 10. Bg5 h6 11. Be3 d6 12. Qd2 Kh7 13. d5 c5 14. h4 Nd7 15. g4 e6
16. h5 g5 17. O-O Kg8 18. Rab1 Nf6 19. Nh2 Qd7 20. f3 a5 21. Rf2 e5 22. Nf1 Bc8
23. Ng3 Qc7 24. Rg2 Qe7 25. Bc2 Bd7 26. Qd1 a4 27. Rh2 Kh7 28. Qd2 Ne8 29. Qd1
f6 30. Rd2 Nc7 31. Nf5 Bxf5 32. exf5 Qd7 33. Rd3 Ra6 34. b4 axb3 35. Rdxb3 Na8
36. R1b2 Qa7 37. Bb1 Rf7 38. Qc1 Ra4 39. Rc2 Qa6 40. Rcc3 Ra7 41. Qf1 Bf8 42.
Bc1 Be7 43. Ra3 Rxa3 44. Rxa3 Qb7 45. Qd3 Ra6 46. Rb3 Qa7 47. a3 Kg7 48. Bc2 Kh7
49. Rb1 Qd7 50. a4 Bd8 51. Bd2 Bc7 52. Qa3 Qc8 53. Qb3 Kg7 54. Qb5 Kf7 55. Ra1
Ke7 56. Qb2 Kf7 57. Bc3 Ke7 58. Bd1 Kf7 59. Qd2 Ke7 60. a5 bxa5 61. Bxa5 Bxa5
62. Rxa5 Rxa5 63. Qxa5 Qb7 64. Ba4 Nc7 65. Bc6 Qb8 66. Kf2 Qb2+ 67. Kg3 Qb8 68.
Qa4 Kd8 69. Kg2 Qb2+ 70. Kh3 Qb8 71. Qa5 Ke7 72. Kg3 Kd8 73. Bb5 Ke7 1/2-1/2

[Event "London Classic Open 2019"]
[Site "London ENG"]
[Date "2019.11.30"]
[Round "3.44"]
[White "Saidmurodov, Shahjahon"]
[Black "Goh, Zi Han"]
[Result "0-1"]
[BlackTitle "CM"]
[WhiteElo "1782"]
[BlackElo "2134"]
[WhiteFideId "448150"]
[BlackFideId "5819156"]
[EventDate "2019.11.29"]

1. d4 Nf6 2. Bf4 g6 3. e3 Bg7 4. Bd3 O-O 5. h4 d6 6. h5 Nxh5 7. Rxh5 gxh5 8.
Qxh5 f5 9. Nf3 Qe8 10. Qh2 Nd7 11. Nc3 Nf6 12. O-O-O Qh5 13. Nh4 Ng4 14. Bc4+
Kh8 15. Be2 Nxh2 16. Bxh5 Ng4 17. Bxg4 fxg4 18. Rh1 Kg8 19. Nd5 Rf7 20. Bg3 e6
21. Nc3 Bd7 22. f3 gxf3 23. Nxf3 Rf6 24. Rg1 Raf8 25. Kd2 Rg6 26. Bh2 Rg4 27.
Ke2 Bc6 28. Nd1 Rxg2+ 29. Rxg2 Bxf3+ 30. Kf1 Bxd1+ 31. Ke1 Bf3 32. Rg5 Rf5 33.
Rg3 Kf7 34. Kd2 Be4 35. Bg1 h5 36. c4 d5 37. c5 h4 38. Rh3 Bf6 39. b4 Bg2 40.
Rh2 h3 0-1

[Event "London Classic Open 2019"]
[Site "London ENG"]
[Date "2019.11.30"]
[Round "3.45"]
[White "AuYeung, Chi Hung Jonathan"]
[Black "Modi, Shyam Jagdish"]
[Result "1/2-1/2"]
[WhiteElo "1770"]
[BlackElo "2124"]
[WhiteFideId "5818044"]
[BlackFideId "446025"]
[EventDate "2019.11.29"]

1. c4 g6 2. g3 Bg7 3. Bg2 c5 4. Nf3 Nc6 5. Nc3 e5 6. O-O Nge7 7. d3 O-O 8. a3 d6
9. Rb1 a5 10. e4 f5 11. Nb5 f4 12. gxf4 Bg4 13. d4 cxd4 14. Qd3 exf4 15. Nbxd4
Ne5 16. Qb3 N7c6 17. c5+ Kh8 18. Nxc6 bxc6 19. Nxe5 Bxe5 20. f3 Bd4+ 21. Kh1 Bc8
22. Bd2 a4 23. Qc4 dxc5 24. Rfd1 Ba6 25. Qc2 Qf6 26. Bc3 Rfd8 27. Bxd4 cxd4 28.
Rbc1 Bb5 29. Bf1 Bxf1 30. Rxf1 d3 31. Qxc6 Qxc6 32. Rxc6 Rab8 33. Rd1 Rxb2 34.
e5 Re2 35. Rd6 Re8 36. R1xd3 R8xe5 37. R6d4 R2e3 38. Kg2 Rxd3 39. Rxd3 Re2+ 40.
Kg1 Ra2 41. Kf1 Kg7 42. h4 Kh6 43. Rd4 Rxa3 44. Rxf4 Ra2 45. Rb4 a3 46. Ra4 Ra1+
47. Kg2 a2 48. Ra5 Kg7 49. Ra6 Kf7 50. Kh2 Ke7 51. Kg2 Kd7 52. Kh2 Kc7 53. Kg2
Kb7 54. Ra5 Kb6 55. Ra8 Kc5 56. Rc8+ Kd4 57. Rd8+ Ke5 58. Re8+ Kf6 59. Rf8+ Kg7
60. Ra8 Kh6 61. Ra5 Kg7 62. Ra6 Kf7 63. Kh2 Rf1 64. Rxa2 Rxf3 65. Ra4 Kf6 66.
Kg2 Rd3 67. Ra7 h5 68. Ra6+ Kf5 69. Ra5+ Ke6 70. Rg5 Kf6 71. Ra5 Re3 72. Kh2 Re5
73. Ra6+ Kf5 74. Ra4 Re4 75. Ra5+ Kf6 76. Ra6+ Re6 77. Ra5 Rb6 78. Kg3 Re6 79.
Kh3 Re4 80. Kg3 Re5 81. Ra4 Re3+ 82. Kh2 Kf5 83. Kg2 Re4 84. Ra5+ Kf4 85. Rg5
Re6 86. Ra5 Re2+ 87. Kh3 Re3+ 88. Kh2 Re5 89. Ra4+ Re4 90. Ra6 Re2+ 91. Kh3 Kf5
92. Ra5+ Re5 93. Ra6 Re3+ 94. Kh2 Kg4 95. Rxg6+ Kxh4 96. Rg8 Re2+ 97. Rg2 Re3 1/2-1/2

[Event "London Classic Open 2019"]
[Site "London ENG"]
[Date "2019.11.30"]
[Round "3.46"]
[White "Bucher, Grant W"]
[Black "Tombolis, Christopher"]
[Result "1/2-1/2"]
[WhiteElo "2121"]
[BlackElo "1824"]
[WhiteFideId "413810"]
[BlackFideId "433691"]
[EventDate "2019.11.29"]

1. e4 c5 2. Nf3 Nc6 3. Bb5 g6 4. Bxc6 dxc6 5. d3 Bg7 6. h3 e5 7. O-O Qe7 8. Be3
Nf6 9. Qd2 Nd7 10. a3 a5 11. a4 b6 12. Na3 Rb8 13. Nc4 f6 14. Bh6 O-O 15. Bxg7
Kxg7 16. Nh2 Ba6 17. b3 Rfd8 18. f4 Bxc4 19. bxc4 exf4 20. Rxf4 Ne5 21. Raf1 Rf8
22. Qc3 Qd6 1/2-1/2

[Event "London Classic Open 2019"]
[Site "London ENG"]
[Date "2019.11.30"]
[Round "3.47"]
[White "Bates, Caspar J"]
[Black "Grey, Nicholas D"]
[Result "1-0"]
[WhiteElo "2120"]
[BlackElo "1692"]
[WhiteFideId "414760"]
[BlackFideId "415448"]
[EventDate "2019.11.29"]

1. d4 Nf6 2. c4 c5 3. d5 b5 4. cxb5 a6 5. e3 d6 6. Nc3 g6 7. bxa6 Bxa6 8. Bxa6
Rxa6 9. Nge2 Bg7 10. Rb1 Nbd7 11. O-O O-O 12. a3 Qa8 13. b4 cxb4 14. axb4 Rb8
15. b5 Rab6 16. e4 Nc5 17. f3 Nfd7 18. Be3 Qb7 19. Bd4 Ne5 20. f4 Ned3 21. Bxg7
Kxg7 22. Rf3 Qa7 23. Ra1 Ra6 24. bxa6 Nb3+ 25. Kf1 Nb2 26. Qe1 Nc4 27. Ra2 Ne3+
28. Rxe3 Qxe3 29. a7 Ra8 30. Qd1 1-0

[Event "London Classic Open 2019"]
[Site "London ENG"]
[Date "2019.11.30"]
[Round "3.48"]
[White "Gilmore, Samuel"]
[Black "Seymour, Timothy P"]
[Result "1/2-1/2"]
[WhiteElo "1757"]
[BlackElo "2107"]
[WhiteFideId "448354"]
[BlackFideId "412112"]
[EventDate "2019.11.29"]

1. d4 Nf6 2. c4 e6 3. Nf3 d5 4. Nc3 Bb4 5. cxd5 exd5 6. Bg5 h6 7. Bxf6 Qxf6 8.
e3 O-O 9. Be2 c5 10. O-O Bxc3 11. bxc3 c4 12. Ne5 Nc6 13. f4 Qd6 14. e4 Ne7 15.
exd5 b5 1/2-1/2

[Event "London Classic Open 2019"]
[Site "London ENG"]
[Date "2019.11.30"]
[Round "3.52"]
[White "Paterek, Michal"]
[Black "Voiculescu-Holvad, Stefan"]
[Result "1-0"]
[WhiteTitle "FM"]
[WhiteElo "2317"]
[BlackElo "1614"]
[WhiteFideId "1116142"]
[BlackFideId "20692005"]
[EventDate "2019.11.29"]

1. d4 Nf6 2. c4 d6 3. Nf3 g6 4. Nc3 Bg7 5. e4 O-O 6. Be2 e5 7. Be3 Nbd7 8. O-O
c6 9. Re1 Qc7 10. Bf1 Re8 11. d5 Ng4 12. Bg5 h6 13. Bd2 Rf8 14. h3 Ngf6 15. b4
Ne8 16. Qc2 Qd8 17. Bd3 c5 18. a3 a5 19. bxa5 Rxa5 20. Reb1 Ra6 21. Rb3 Nb6 22.
a4 f5 23. a5 Na8 24. Qc1 f4 25. Na4 g5 26. Rab1 h5 27. Kf1 g4 28. hxg4 hxg4 29.
Ng1 Qh4 30. Bc2 Qh1 31. f3 g3 32. Nb6 Nxb6 33. Rxb6 Rxb6 34. Rxb6 Qh2 35. Ba4
Nf6 36. Qe1 Rd8 37. a6 bxa6 38. Ba5 Rf8 39. Rxd6 Qh1 40. Rd8 Rxd8 41. Bxd8 Nh5
42. Be7 Bf8 43. Bxf8 Kxf8 44. Qa5 Bh3 45. Qd8+ Kg7 46. Qg5+ Kf8 47. Qh6+ Ke7 48.
d6+ 1-0

[Event "London Classic Open 2019"]
[Site "London ENG"]
[Date "2019.11.30"]
[Round "3.54"]
[White "Mugalu, Hassan"]
[Black "Rushbrooke, Remy"]
[Result "1-0"]
[WhiteElo "1836"]
[BlackElo "2053"]
[WhiteFideId "451533"]
[BlackFideId "443590"]
[EventDate "2019.11.29"]

1. d4 Nf6 2. Nf3 e6 3. Bf4 c5 4. c3 b6 5. e3 Bb7 6. Nbd2 Be7 7. Bd3 O-O 8. Rc1
cxd4 9. cxd4 d6 10. Bb1 Nh5 11. Qc2 f5 12. Bg3 Nd7 13. Qc7 Rc8 14. Qxd8 Rxc1+
15. Ke2 Nxg3+ 16. hxg3 Bxd8 17. Rxc1 e5 18. Ke1 e4 19. Ng1 Nf6 20. Ne2 Rf7 21.
a3 Rc7 22. Rxc7 Bxc7 23. Nf4 Kf7 24. Ba2+ d5 25. Ne2 g5 26. Nc3 Ke6 27. Bb3 Ng4
28. Nf1 Nf6 29. f3 Ba6 30. f4 Bc4 31. Bxc4 dxc4 32. Nd2 Nd5 33. Nxc4 Nxc3 34.
bxc3 b5 35. Ne5 Kd5 36. Kd2 Bd6 37. Nf7 Bxa3 38. Nxg5 h6 39. Nf7 Bf8 40. Ne5 a5
41. Kc2 a4 42. Kb2 h5 43. Kc2 Bd6 44. Nd7 Be7 45. Kb2 Kc4 46. Ne5+ Kd5 47. Ng6
Bd6 48. Nh4 Ke6 49. Ng6 Kd5 50. Ne5 Be7 51. Kc2 Bf8 52. Ng6 Bd6 53. Ne5 Ba3 54.
Ng6 b4 55. cxb4 Bxb4 56. Nh4 Kc4 57. Kb2 Bf8 58. Nxf5 Kd3 59. d5 1-0

[Event "London Classic Open 2019"]
[Site "London ENG"]
[Date "2019.11.30"]
[Round "3.55"]
[White "Grigoryan, Meri"]
[Black "Zhao, Haolin"]
[Result "1-0"]
[WhiteTitle "WFM"]
[WhiteElo "2050"]
[BlackElo "1842"]
[WhiteFideId "13300571"]
[BlackFideId "428680"]
[EventDate "2019.11.29"]

1. d4 Nf6 2. Nf3 e6 3. Bf4 c5 4. c3 Nc6 5. e3 b6 6. Na3 cxd4 7. Nb5 d6 8. Nfxd4
Nxd4 9. cxd4 a6 10. Qf3 Rb8 11. Nc3 Bb7 12. e4 Be7 13. Bd3 b5 14. O-O O-O 15.
Qh3 Ne8 16. e5 g6 17. Bh6 Ng7 18. Rad1 Bg5 19. Ne4 Bxe4 20. Bxe4 d5 21. Bb1 Qe7
22. Bxg7 Kxg7 23. f4 Bh6 24. g4 g5 25. Qd3 Rh8 26. f5 Kg8 27. f6 Qd7 28. Rf3 Bf8
29. h4 Bb4 30. hxg5 Qb7 31. Rh3 Kf8 32. a3 Ba5 33. Rxh7 Rg8 34. g6 Bb6 35. Rxf7+
Qxf7 36. gxf7 Rxg4+ 37. Kh2 Rh4+ 38. Kg3 Re4 39. Qd2 Kxf7 40. Bxe4 dxe4 41. Rh1
Rg8+ 42. Kf4 Kf8 43. Qb4+ Ke8 44. Qe7# 1-0

[Event "London Classic Open 2019"]
[Site "London ENG"]
[Date "2019.11.30"]
[Round "3.56"]
[White "Orgler, Philipp"]
[Black "Volovich, Julia"]
[Result "1-0"]
[WhiteElo "2047"]
[BlackElo "1753"]
[WhiteFideId "1604236"]
[BlackFideId "447099"]
[EventDate "2019.11.29"]

1. d4 Nf6 2. Nc3 d5 3. Bf4 g6 4. e3 Bg7 5. h4 Bf5 6. Be2 Qd7 7. Nf3 Nc6 8. Ne5
Nxe5 9. Bxe5 h5 10. f3 O-O 11. Qd2 Rac8 12. O-O-O a6 13. Rdg1 b5 14. g4 hxg4 15.
Bxf6 exf6 16. fxg4 b4 17. gxf5 bxc3 18. Qxc3 Qxf5 19. Bg4 Qe4 20. Bxc8 Rxc8 21.
Qd3 Qf3 22. h5 Bh6 23. hxg6 Qxe3+ 24. Kb1 Qxd3 25. cxd3 Bg7 26. gxf7+ Kxf7 27.
Rh7 Rg8 28. Kc2 f5 29. b3 f4 30. Rh4 Bf6 31. Rxg8 Kxg8 32. Rxf4 Kf7 33. Kc3 c5
34. Rxf6+ Kxf6 1-0

[Event "London Classic Open 2019"]
[Site "London ENG"]
[Date "2019.11.30"]
[Round "3.57"]
[White "Vaddadi, Seshagiri"]
[Black "Barasi, Paul Dl"]
[Result "1-0"]
[WhiteElo "2042"]
[BlackElo "1770"]
[WhiteFideId "411183"]
[BlackFideId "432830"]
[EventDate "2019.11.29"]

1. e4 c5 2. Nf3 a6 3. d4 cxd4 4. Nxd4 Nf6 5. Nc3 e5 6. Nf3 Bb4 7. Bg5 h6 8. Bxf6
Bxc3+ 9. bxc3 Qxf6 10. Qd5 Nc6 11. Rd1 O-O 12. Be2 Re8 13. O-O Re6 14. a4 b6 15.
Rd2 Rb8 16. Rfd1 Ne7 17. Qb3 Qf4 18. Qc4 Rc6 19. Qb4 Rc5 20. g3 Qg4 21. Nxe5 Qe6
22. f4 Rxe5 23. fxe5 Nc6 24. Qd6 Qh3 25. Bc4 1-0

[Event "London Classic Open 2019"]
[Site "London ENG"]
[Date "2019.11.30"]
[Round "3.58"]
[White "Chidichimo, Pedro Jose Maria"]
[Black "Yoon, Jacob D"]
[Result "0-1"]
[WhiteElo "1831"]
[BlackElo "2037"]
[WhiteFideId "24545252"]
[BlackFideId "446076"]
[EventDate "2019.11.29"]

1. d4 d5 2. Nf3 Nf6 3. e3 Bf5 4. Nh4 Bg4 5. Qd3 Nc6 6. h3 Bd7 7. Nf3 e6 8. c4
Ne7 9. Nc3 Ng6 10. Be2 c6 11. O-O Bd6 12. c5 Bb8 13. Re1 O-O 14. b4 e5 15. dxe5
Nxe5 16. Nxe5 Bxe5 17. Bb2 Ne4 18. Bf3 Ng5 19. e4 d4 20. Ne2 Bxh3 21. Bh5 Bxg2
22. Kxg2 Ne6 23. Bc1 Qf6 24. Rb1 g6 25. Bg4 h5 26. Bxe6 fxe6 27. f4 Bc7 28. Qxd4
e5 29. Qc4+ Kh7 30. Rf1 exf4 31. Bxf4 Bxf4 32. Rxf4 Qg5+ 33. Kf3 Rxf4+ 34. Nxf4
Qg4+ 35. Ke3 Qg3+ 36. Ke2 Qxf4 37. Rf1 Qg4+ 38. Ke3 Qg5+ 39. Ke2 Rd8 40. Qc3
Qg2+ 41. Ke1 Qxe4+ 42. Kf2 Rf8+ 0-1